| 000 | 00638nam a2200241Ia 4500 | ||
|---|---|---|---|
| 003 | OSt | ||
| 005 | 20220923224016.0 | ||
| 006 | a|||||r|||| 00| 0 | ||
| 007 | ta | ||
| 008 | Pun | ||
| 024 | _a224,022 | ||
| 037 | _cTextual | ||
| 040 |
_aARTS _cARTS _bPun |
||
| 041 |
_2Pun _aPun |
||
| 082 | _aL:4:6, 153M2 | ||
| 100 | _aਗਿੱਲ, ਜਸਵੰਤ | ||
| 245 | 0 | _aਨਰੋਈ ਸਿਹਤ | |
| 260 |
_aਦਿੱਲੀ _b ਆਰਸੀ ਪਬਲੀFਰਗ਼ _c1982 |
||
| 300 |
_a168ਪੰ _ccm. |
||
| 650 | _aਦਵਾਈ | ||
| 942 |
_hL:4:6, 153M2 _cTEXL _2CC |
||
| 999 |
_c368649 _d368649 |
||